| 000 -LEADER |
| fixed length control field |
00360 a2200157 4500 |
| 003 - CONTROL NUMBER IDENTIFIER |
| control field |
OSt |
| 005 - DATE AND TIME OF LATEST TRANSACTION |
| control field |
20240729175940.0 |
| 008 - FIXED-LENGTH DATA ELEMENTS--GENERAL INFORMATION |
| fixed length control field |
240729b ||||| |||| 00| 0 eng d |
| 020 ## - INTERNATIONAL STANDARD BOOK NUMBER |
| International Standard Book Number |
9783037785799 |
| 082 ## - DEWEY DECIMAL CLASSIFICATION NUMBER |
| Classification number |
745.4 HAR |
| 100 ## - MAIN ENTRY--PERSONAL NAME |
| Personal name |
Kenya Hara |
| 245 ## - TITLE STATEMENT |
| Title |
100 Whites |
| 260 ## - PUBLICATION, DISTRIBUTION, ETC. (IMPRINT) |
| Name of publisher, distributor, etc |
Lars Müller Publishers |
| Date of publication, distribution, etc |
2019 |
| 300 ## - PHYSICAL DESCRIPTION |
| Extent |
205p; |
| 942 ## - ADDED ENTRY ELEMENTS (KOHA) |
| Source of classification or shelving scheme |
|